Category Theory in Context /

Gespeichert in:
Bibliographische Detailangaben
1. Verfasser: Riehl, Emily (Verfasst von)
Format: Buch
Sprache:Englisch
Veröffentlicht: New York: Dover publications, 2016
Schriftenreihe:Aurora - Dover Modern Math Originals
Schlagworte:
Tags: Tag hinzufügen
Keine Tags, Fügen Sie das erste Tag hinzu!

MARC

LEADER 00000nam a22000003a 4500
001 0084868
003 SK-STU
005 20201201140703.4
007 ta
008 201201s ----xo-----e------000-0-----d
020 |a 978-0-486-80903-8 
040 |a STU  |b slo 
041 0 |a eng  |h eng 
044 |a xxu 
100 1 |a Riehl, Emily  |4 aut  |r Z6 
245 1 0 |a Category Theory in Context /  |c aut. Emily Riehl 
260 |a New York:  |b Dover publications,   |c 2016 
300 |a 240 s. 
490 0 |a Aurora - Dover Modern Math Originals 
650 0 7 |a duality 
650 0 7 |a functoriality 
650 0 7 |a limits 
650 0 7 |a theorems 
996 |c V* 53087/O-24247  |l VV11  |s P  |a 0  |w 0084868_0001